Univers Lego Ninjago: Wu - Statistiques

Statistiques générales
  • Ce quiz a été pris 697 fois
  • Le résultat moyen est 12 sur 17
Statistiques - réponses
Questions Réponses % Correct
Élève Kai
96%
Couleur des habits Blanc
95%
Élève Jay
95%
Élève Cole
94%
Élève Zane
94%
Frère (plus vieux) Garmadon
93%
Élève Lloyd
89%
Élève Nya
88%
Breuvage préféré Thé
80%
Arme Bo staff
79%
Élève Morro
76%
Couleur de ninja Or
71%
Lieu d'arrivée Monastère
48%
Saison d'arrivée La menace des serpents
46%
Pouvoir de ninja Création
37%
Nom de famille Wu
34%
Père Premier maître du spinjitsu
31%
Aucun quiz correspondant
Distribution des résultats
% des personnes avec chaque résultat
Percentile par nombre de réponses
Votre historique - résultats
Vous n’avez pas pris ce quiz